000 00247 a2200097 4500
001 15570
100 _aMalik, Charles
245 _aGod and Man in Contempovary Islamic Thought
260 _a
_bAmerican University of Beirut
_c
090 _c12142
_d12142
942 _aNUST-CAE
_c
_c2384
999 _c250643
_d250643